书目信息 |
| 题名: |
高技术策略的住宅
|
|
| 作者: | 莫斯塔第, 编 ;韩林飞 , 陈蓁 , 谭竹 译 | |
| 分册: | ||
| 出版信息: | 北京 机械工业出版社 2005 |
|
| 页数: | 184页 | |
| 开本: | 29cm | |
| 丛书名: | 可持续营造建筑从书 | |
| 单 册: | ||
| 中图分类: | TU241-64 | |
| 科图分类: | ||
| 主题词: | 住宅--zhu zhai--建筑设计--图集 | |
| 电子资源: | ||
| ISBN: | 7-111-17072-5 | |
| 000 | 01212nam 2200301 450 | |
| 001 | 012006994983 | |
| 005 | 20060119091130.39 | |
| 010 | @a7-111-17072-5@dCNY88.00 | |
| 100 | @a20060119d2005 km y0chiy0120 ea | |
| 101 | 1 | @achi@cspa |
| 102 | @aCN@b110000 | |
| 105 | @aa z 000yy | |
| 200 | 1 | @a高技术策略的住宅@Agao ji shu ce lue de zhu zhai@d= Sustainable architecture hightech housing@f(西) Arian Mostaedi编@F(xi)Arian Mostaedi bian@g韩林飞, 陈蓁, 谭竹译@Ghan lin fei,chen zhen,tan zhu yi@zeng |
| 210 | @a北京@c机械工业出版社@d2005 | |
| 215 | @a184页@c图@d29cm | |
| 225 | 2 | @a可持续营造建筑从书@Ake chi xu ying zao jian zhu cong shu |
| 314 | @a责任者汉译名取自版权页 | |
| 330 | @a本书精选了21个建筑实例,配有建筑的平面、立面和剖面图,以及大量的实景照片,并附有细节的注释和数据资料。 | |
| 410 | 0 | @12001 @a可持续营造建筑从书 |
| 510 | 1 | @aSustainable architecture hightech housing@zeng |
| 606 | 0 | @a住宅@Azhu zhai@x建筑设计@j图集 |
| 690 | @aTU241-64@v4 | |
| 701 | 1 | @a莫斯塔第,@Amo si ta di,@bA.@g(Mostaedi, Arian)@4编 |
| 702 | 0 | @a韩林飞@Ahan lin fei@4译 |
| 702 | 0 | @a陈蓁@Achen zhen@4译 |
| 702 | 0 | @a谭竹@Atan zhu@4译 |
| 801 | 0 | @aCN@bQSSK@c20060119 |
| 905 | @a10447@dTU241-64@eM876:1 | |
| 高技术策略的住宅= Sustainable architecture hightech housing/(西) Arian Mostaedi编/韩林飞, 陈蓁, 谭竹译.-北京:机械工业出版社,2005 |
| 184页:图;29cm.-(可持续营造建筑从书) |
| ISBN 7-111-17072-5:CNY88.00 |
| 本书精选了21个建筑实例,配有建筑的平面、立面和剖面图,以及大量的实景照片,并附有细节的注释和数据资料。 |
| ● |
| 相关链接 |
|
|
|
正题名:高技术策略的住宅
索取号:TU241-64/M876:1
 
预约/预借
| 序号 | 登录号 | 条形码 | 馆藏地/架位号 | 状态 | 备注 |
| 1 | 579392 | 205793925 | 建筑库101/101建筑库 61排5列1层/ [索取号:TU241-64/M876:1] | 在馆 |